Reforma política : gaceta informativa de la Comisión Federal Electoral : Ley Federal de Organizaciones Políticas y Procesos Electorales /

Kaydedildi:
Detaylı Bibliyografya
Materyal Türü: Kitap
Dil:İspanyolca
Baskı/Yayın Bilgisi: México : Comisión Federal Electoral, 1978
Etiketler: Etiketle
Etiket eklenmemiş, İlk siz ekleyin!

MARC

LEADER 00000nam^a2200000^a^4500
001 000566335
005 20250521000000.0
009 20260310132105.845
037 |a Acervo ITESO - Biblioteca 
041 |a ESP 
091 |a FGM. 02857 
245 0 0 |a Reforma política :  |b gaceta informativa de la Comisión Federal Electoral : Ley Federal de Organizaciones Políticas y Procesos Electorales / 
264 1 |a México :  |b Comisión Federal Electoral,  |c 1978 
300 |a 348 p. 
336 |a texto  |b txt  |2 rdacontenido 
337 |a sin mediación  |b n  |2 rdamedio 
338 |a volumen  |b nc  |2 rdasoporte 
649 |a XX 
910 |a Fondo Efraín González Morfín 
920 |a Impresos - Libros 
930 |a Fondos Especiales 
905 |a 130 
901 |a 0500394337  |b IT2  |c ESL  |i D91344  |u 20250521 
902 |a https://opac.biblio.iteso.mx/vufind/Record/000566335